00669cam a2200217 a 450000100100000000500170001000800410002704000250006808200210009310000340011424500750014825000110022326000400023430000330027449000250030765000230033265000220035565000220037770000270039983000250042600000762020250429112051.0070531s1955 maua 000 0 eng  aDO-SdBNPbspacBNPHU a909bH333b, 19551 aHartman, Gertrude,d1876-195510aBuilders of the Old World /cGertrude Hartman ; prólogo Allan Nevis. a2a ed. aBoston :bHeath and Company,c1955. axii, 468 p. :bil. ;c23 cm.1 aHistory on the March 0aHistoria universal 0aHistoria antigua  4aHistoria medieval1 aNevis, Allan,epról. 0aHistory on the March